| 000 | 01704 a2200385 4500 | ||
|---|---|---|---|
| 003 | OSt | ||
| 005 | 20180116182634.0 | ||
| 008 | 131028b xxu||||| |||| 00| 0 eng d | ||
| 020 | _a0471199869 | ||
| 020 | _a9780471199861 | ||
| 040 | _c0 | ||
| 082 | 0 | 4 | _a150.72 |
| 100 | 1 | _aGoodwin, C. James. | |
| 245 | 1 | 0 |
_aResearch in psychology Methods and Designs. _cC. James Goodwin. |
| 250 | _a2nd ed. | ||
| 260 |
_a[S.l.] : _bJohn Wiley & Sons Inc, _c1998. |
||
| 300 |
_a560 p. ; _c25 cm. |
||
| 500 | _aHardcover. | ||
| 520 | _aThis is an experimental psychology text focusing on experimental methodology and the scientific way of thinking. Provides comprehensive information on current research methods, yet remains readable and engaging. Specifically, topics include data handling, idea generation, experimentation, and research design and methods. Updated to include new sections on estimating subject needs, and survey information on the use of animals in research. | ||
| 650 | 4 | _aPsychology: Professional & General. | |
| 650 | 4 | _aPsychological Research. | |
| 650 | 4 | _aPsychological methodology. | |
| 650 | 4 | _aPsychological testing & measurement. | |
| 650 | 4 | _aSocial research & statistics. | |
| 650 | 4 | _aPsychology. | |
| 650 | 4 | _aResearch & Methodology. | |
| 650 | 4 | _aMethodology. | |
| 650 | 4 | _aPsychology, Experimental. | |
| 650 | 4 | _aResearch. | |
| 650 | 4 | _aPsychology / Research & Methodology. | |
| 650 | 4 | _aPsychology - Research - Methodology. | |
| 856 | 4 | 0 |
_3Amazon.com _uhttp://www.amazon.com/exec/obidos/ASIN/0471199869/chopaconline-20 |
| 856 | 4 | 0 |
_3Amazon customer reviews _uhttp://www.chopac.org/cgi-bin/tools/azrev.pl?q=0471199869 |
| 942 |
_aNBS _cBK _k150.72 GOO _2ddc |
||
| 999 |
_c343200 _d343200 |
||